[Event "OMA-ch Clubs 7th"]
[Site "Muscat"]
[Date "2024.07.16"]
[Round "7.4"]
[White "Al Kathiri, Mana"]
[Black "Al Fazari, Abdallah Gharib"]
[Result "1-0"]
[WhiteElo "1851"]
[BlackElo "1725"]
[PlyCount "83"]
[EventDate "2024.07.11"]
[EventType "team-swiss"]
[EventRounds "9"]
[EventCountry "OMN"]
[SourceTitle "EXT 2025"]
[Source "ChessBase"]
[SourceDate "2024.10.14"]
[SourceVersion "1"]
[SourceVersionDate "2024.10.14"]
[SourceQuality "1"]
[WhiteTeam "Salalah"]
[BlackTeam "Saham"]
[WhiteTeamCountry "OMN"]
[BlackTeamCountry "OMN"]

1. d4 Nf6 2. Bf4 e6 3. Nf3 Be7 4. e3 b6 5. Nbd2 Bb7 6. Bd3 d6 7. e4 d5 8. Qe2 dxe4 9. Nxe4 0-0 10. Ng3 Qc8 11. h4 Nbd7 12. Ng5 Rd8 13. Bxh7+ Nxh7 14. Qh5 Bxg5 15. hxg5 Ndf8 16. Be5 c5 17. Bxg7 cxd4 18. 0-0-0 d3 19. Bc3 dxc2 20. Rde1 Rd1+ 21. Rxd1 cxd1Q+ 22. Rxd1 Qc5 23. Kb1 Qxg5 24. Qh3 Rc8 25. Rd4 f5 26. Rh4 Rxc3 27. bxc3 Bxg2 28. Qh2 Bf3 29. Rd4 Bg4 30. f4 Qe7 31. Nf1 Qa3 32. Qc2 Qa6 33. Nd2 Nf6 34. Ra4 Qb7 35. Kb2 N8d7 36. Rd4 Qc7 37. Nc4 Nd5 38. Qg2 b5 39. Rxd5 exd5 40. Qxd5+ Kg7 41. Nd6 Nc5 42. Ne8+ 1-0

[Event "OMA-ch Clubs 7th"]
[Site "Muscat"]
[Date "2024.07.15"]
[Round "6.4"]
[White "Al Jabri, Rashid"]
[Black "Al Fazari, Abdallah Gharib"]
[Result "0-1"]
[WhiteElo "1803"]
[BlackElo "1725"]
[PlyCount "89"]
[EventDate "2024.07.11"]
[EventType "team-swiss"]
[EventRounds "9"]
[EventCountry "OMN"]
[SourceTitle "EXT 2025"]
[Source "ChessBase"]
[SourceDate "2024.10.14"]
[SourceVersion "1"]
[SourceVersionDate "2024.10.14"]
[SourceQuality "1"]
[WhiteTeam "Al Salam"]
[BlackTeam "Saham"]
[WhiteTeamCountry "OMN"]
[BlackTeamCountry "OMN"]

1. e4 c6 2. d4 d5 3. Nc3 dxe4 4. Nxe4 Bf5 5. Ng3 Bg6 6. Nf3 Nf6 7. Bd3 e6 8. 0-0 Nbd7 9. Re1 Be7 10. h4 c5 11. c3 a6 12. Bg5 0-0 13. Bxg6 hxg6 14. dxc5 Bxc5 15. Qe2 Qc7 16. Rad1 Qxg3 17. Rxd7 Nxd7 18. Be7 Qc7 19. Bxf8 Rxf8 20. Ng5 Nf6 21. a4 Qf4 22. Nf3 Ng4 23. Rf1 e5 24. b4 Ba7 25. Qd2 Qg3 26. c4 Bxf2+ 27. Rxf2 Qxf2+ 28. Qxf2 Nxf2 29. Kxf2 f6 30. Ke3 Rd8 31. Nd2 Rd4 32. g3 Kf7 33. a5 Ke6 34. b5 axb5 35. cxb5 Rd5 36. a6 Rxb5 37. axb7 Rxb7 38. Ne4 Rb3+ 39. Kf2 Kf5 40. Nc5 Ra3 41. Nd7 Kg4 42. Nf8 Rxg3 43. Nxg6 Ra3 44. Ne7 Rh3 45. Ke1 0-1

[Event "OMA-ch Clubs 7th"]
[Site "Muscat"]
[Date "2024.07.14"]
[Round "5.4"]
[White "Al Fazari, Abdallah Gharib"]
[Black "Al Salmani, Mazin"]
[Result "1-0"]
[WhiteElo "1725"]
[BlackElo "1519"]
[PlyCount "139"]
[EventDate "2024.07.11"]
[EventType "team-swiss"]
[EventRounds "9"]
[EventCountry "OMN"]
[SourceTitle "EXT 2025"]
[Source "ChessBase"]
[SourceDate "2024.10.14"]
[SourceVersion "1"]
[SourceVersionDate "2024.10.14"]
[SourceQuality "1"]
[WhiteTeam "Saham"]
[BlackTeam "Al Musanna"]
[WhiteTeamCountry "OMN"]
[BlackTeamCountry "OMN"]

1. d4 d5 2. Bg5 c6 3. e3 Bf5 4. Nf3 Nd7 5. Nbd2 h6 6. Bf4 Ngf6 7. c4 e6 8. a3 Be7 9. Be2 0-0 10. 0-0 Ne4 11. Qb3 Qb6 12. Qxb6 Nxb6 13. Nxe4 Bxe4 14. Nd2 Bh7 15. Rfc1 Rac8 16. c5 Nd7 17. Nf3 Rfe8 18. Rc3 Be4 19. Nd2 e5 20. dxe5 Nxc5 21. b4 Ne6 22. Nxe4 Nxf4 23. exf4 dxe4 24. Rd1 Red8 25. Rcc1 Kf8 26. Rxd8+ Rxd8 27. Rd1 Rd5 28. g4 Bd8 29. Kf1 Bc7 30. h4 g5 31. fxg5 hxg5 32. h5 Bxe5 33. Rxd5 cxd5 34. b5 b6 35. Bd1 Ke7 36. Bc2 Kd6 37. Ke2 d4 38. Bxe4 Kc5 39. Bd3 Kd6 40. Kf3 Kd5 41. Ke2 Kd6 42. Bc4 Ke7 43. Kd3 Kf8 44. Ke4 Bd6 45. a4 f6 46. Kxd4 Bc5+ 47. Kd5 Bxf2 48. Bd3 Bg3 49. Kc6 Kg7 50. Bf5 Be5 51. Kb7 Bd4 52. Kxa7 Bc5 53. Ka6 Bd4 54. a5 bxa5 55. Kxa5 Be3 56. b6 Bxb6+ 57. Kxb6 Kh6 58. Kc6 Kg7 59. Kd6 Kf7 60. Bd7 Kf8 61. Ke6 Kg7 62. Be8 Kh6 63. Kxf6 Kh7 64. Kxg5 Kh8 65. Kh6 Kg8 66. Bb5 Kh8 67. g5 Kg8 68. g6 Kh8 69. g7+ Kg8 70. Bc4# 1-0